000
00232nam a2200097Ia 4500
008
120527s9999 xx 000 0 und d
100
_a
FULLER and LARSON
245
_a
Computers Understanding technology
260
_b
EMC
942
_c
BK
999
_c
25554
_d
25554